El teatro de los bufos madrileños / (Record no. 127126)

MARC details
000 -LEADER
campo de control de longitud fija 01062nam a2200289 i 4500
001 - NÚMERO DE CONTROL
campo de control 127126
003 - IDENTIFICADOR DE NÚMERO DE CONTROL
campo de control ES-MaACL
005 - FECHA Y HORA DE LA ÚLTIMA TRANSACCIÓN
campo de control 20250806062541.0
007 - CAMPO FIJO DE DESCRIPCIÓN FÍSICA--INFORMACIÓN GENERAL
campo de control de longitud fija t|
008 - DATOS DE LONGITUD FIJA--INFORMACIÓN GENERAL
campo de control de longitud fija 161130s1993 sp |||| | spa d
020 ## - NÚMERO INTERNACIONAL ESTÁNDAR DEL LIBRO
Número Internacional Estándar del Libro 84-7812-220-6
080 ## - NÚMERO DE LA CLASIFICACIÓN DECIMAL UNIVERSAL
Número de la Clasificación Decimal Universal 792.54(460.27 M.)"18"
100 1# - ENTRADA PRINCIPAL--NOMBRE DE PERSONA
Nombre de persona Huertas Vázquez, Eduardo
9 (RLIN) 64577
245 13 - MENCIÓN DEL TÍTULO
Título El teatro de los bufos madrileños /
Mención de responsabilidad, etc. por Eduardo Huertas Vázquez.
246 3# - FORMA VARIANTE DEL TITULO
Texto de visualización Precede al tít.
Título propio/Titulo breve Instituto de Estudios Madrileños del Consejo Superior de Investigaciones Científicas
260 ## - PUBLICACIÓN, DISTRIBUCIÓN, ETC.
Lugar de publicación, distribución, etc. Madrid :
Nombre del editor, distribuidor, etc. Artes Gráficas Municipales,
Fecha de publicación, distribución, etc. 1993.
300 ## - DESCRIPCIÓN FÍSICA
Extensión 72 p. ;
Dimensiones 22 cm.
490 1# - MENCIÓN DE SERIE
Mención de serie Ciclo de conferencias: El Madrid de Isabel II ;
Designación de volumen o secuencia 16
490 1# - MENCIÓN DE SERIE
Mención de serie Aula de cultura
504 ## - NOTA DE BIBLIOGRAFÍA, ETC.
Nota de bibliografía, etc. Referencias bibliográficas.
650 #4 - PUNTO DE ACCESO ADICIONAL DE MATERIA--TÉRMINO DE MATERIA
Término de materia o nombre geográfico como elemento de entrada Ópera-
Subdivisión geográfica Madrid-
Subdivisión cronológica S.XIX.
9 (RLIN) 161386
710 2# - ENTRADA AGREGADA--NOMBRE DE ENTIDAD CORPORATIVA
Nombre de entidad corporativa o nombre de jurisdicción como elemento de entrada Instituto de Estudios Madrileños
9 (RLIN) 4916
830 0# - PUNTO DE ACCESO ADICIONAL DE SERIE-TÍTULO UNIFORME
Título uniforme Ciclo de conferencias: El Madrid de Isabel II ;
Designación de volumen o secuencia 16
9 (RLIN) 230872
830 0# - PUNTO DE ACCESO ADICIONAL DE SERIE-TÍTULO UNIFORME
Título uniforme Aula de cultura
9 (RLIN) 219173
852 ## - LOCALIZACIÓN
Ubicación ES-MaACL
Número de control de estantería 2333-F-13
Holdings
Estatus retirado Estado de pérdida Estado de daño No para préstamo Colección Biblioteca de origen Biblioteca actual Ubicación en estantería Fecha de adquisición Fuente de adquisición Total de préstamos Signatura topográfica completa Código de barras Visto por última vez Precio de reemplazo Tipo de ítem Koha
        Colección de folletos Biblioteca del Ateneo de Madrid Biblioteca del Ateneo de Madrid Depósito folletos 17/01/2008     2333-F-13 1132408 23/02/2023 23/02/2023 Folleto